000 00872cad a22002175a 4500
001 E148709
008 091023s2009 xxkd f s 000 0 eng d
035 _a(Sirsi) u148709
041 0 _aeng
050 0 4 _a333.332 $2 18
110 2 _aKing Sturge
_93877
245 0 0 _aEuropean property indicators
_brent and yield survey, Autumn 2009
_h[electronic resource]
260 _a[S.l.]
_bKing Sturge
_c2009
520 _aSuggests that falls in rents are slowing, and that prime yields are stabilising. Reports that the economic outlook is improving, and lack of supply is an important factor.
521 _aAdvanced
590 _aKA
651 4 _aEurope
690 _aPROPERTY-COMMERCIAL PROPERTY-COMMERCIAL PROPERTY MARKET
856 4 0 _uhttps://www.kingsturge.com/
_zView the research report free of charge (registration required) at www.kingsturge.com...
942 _n0
999 _c110177
_d110177